| Tag |
First Indicator |
Second Indicator |
Subfields |
| LEADER |
00000cam a2200000Ia 4500 |
| 001 |
in00000026460 |
| 005 |
20151007062530.0 |
| 008 |
780307r19371920enk 000 1 eng d |
| 035 |
|
|
|a (OCoLC)ocm07505497
|
| 035 |
|
|
|a (OCoLC)07505497
|
| 035 |
|
|
|9 AAD5139AM
|
| 040 |
|
|
|a VPI
|c VPI
|d OCLCQ
|d TXA
|d UtOrBLW
|
| 049 |
|
|
|a TXAM
|
| 090 |
|
|
|a PR6045.E2
|b H6 1937
|
| 100 |
1 |
|
|a Webb, Mary,
|d 1881-1927.
|
| 245 |
1 |
4 |
|a The house in Dormer forest /
|c Mary Webb ; with an introduction by Rev. H.R.L. Sheppard.
|
| 250 |
|
|
|a Sarn ed.
|
| 264 |
|
1 |
|a London :
|b J. Cape,
|c 1937.
|
| 300 |
|
|
|a 288 pages ;
|c 19 cm.
|
| 336 |
|
|
|a text
|b txt
|2 rdacontent
|
| 337 |
|
|
|a unmediated
|b n
|2 rdamedia
|
| 338 |
|
|
|a volume
|b nc
|2 rdacarrier
|
| 500 |
|
|
|a First printed 1920.
|
| 500 |
|
|
|a At head of title: Mary Webb.
|
| 500 |
|
|
|a "Printed in Great Britain."
|
| 994 |
|
|
|a C0
|b TXA
|
| 999 |
|
|
|a MARS
|
| 999 |
f |
f |
|s 026f5a4f-38d8-3768-a664-c768315bdfc9
|i bc43ce9b-69ae-3dc7-b16b-6e6ca11403fd
|t 0
|
| 952 |
f |
f |
|p ric
|a Texas A&M University
|b Rellis Campus
|c Joint Library Facility
|d Remote Storage
|t 0
|e PR6045.E2 H6 1937
|h Library of Congress classification
|i unmediated -- volume
|m A14801333097
|
| 998 |
f |
f |
|a PR6045.E2 H6 1937
|t 0
|l Remote Storage
|